[Event "Abu Dhabi op 24th"]
[Site "Abu Dhabi"]
[Date "2017.08.20"]
[Round "7"]
[White "Gurpreet, Singh Maras"]
[Black "Priyanka, Nutakki"]
[Result "1-0"]
[WhiteElo "2247"]
[BlackElo "2160"]
[PlyCount "63"]
[EventDate "2017.08.14"]
[EventType "swiss"]
[EventRounds "9"]
[EventCountry "UAE"]
[SourceTitle "CBM 180 Extra"]
[Source "ChessBase"]
[SourceDate "2017.10.06"]
[SourceVersion "1"]
[SourceVersionDate "2017.10.06"]
[SourceQuality "1"]

1. e4 e6 2. Nf3 d5 3. Nc3 dxe4 4. Nxe4 Nd7 5. d4 Ngf6 6. Nxf6+ Nxf6 7. Bd3 c5 8. Be3 Qc7 9. Qe2 Bd7 10. Ne5 cxd4 11. Bxd4 Bc5 12. Bxc5 Qxc5 13. 0-0-0 a6 14. f4 Bb5 15. f5 Bxd3 16. Rxd3 0-0 17. fxe6 fxe6 18. Nd7 Qg5+ 19. Kb1 Rfe8 20. h4 Qh6 21. g4 Nxd7 22. Rxd7 b5 23. g5 Qg6 24. Qe5 Rac8 25. a3 Red8 26. Rxd8+ Rxd8 27. Re1 Re8 28. Qd6 Qf5 29. Qxa6 Qf2 30. Re4 Qf3 31. Qxb5 Rc8 32. Rxe6 1-0

[Event "Pardubice Czech op-A 28th"]
[Site "Pardubice"]
[Date "2017.07.27"]
[Round "7"]
[White "Gurpreet, Singh Maras"]
[Black "Sochacki, Wojtek"]
[Result "0-1"]
[WhiteElo "2231"]
[BlackElo "2350"]
[PlyCount "194"]
[EventDate "2017.07.21"]
[EventType "swiss"]
[EventRounds "9"]
[EventCountry "CZE"]
[SourceTitle "CBM 179 Extra"]
[Source "ChessBase"]
[SourceDate "2017.08.23"]
[SourceVersion "1"]
[SourceVersionDate "2017.08.23"]
[SourceQuality "1"]

1. e4 e5 2. Nc3 Nf6 3. Bc4 Nxe4 4. Qh5 Nd6 5. Bb3 Be7 6. Nf3 Nc6 7. Nxe5 Nxe5 8. Qxe5 0-0 9. 0-0 Bf6 10. Qf4 Bg5 11. Qf3 Qf6 12. Qxf6 Bxf6 13. Nd5 Bd8 14. d4 Nf5 15. c3 c6 16. Ne3 d5 17. Nxf5 Bxf5 18. Bf4 Re8 19. Rfe1 Bf6 20. f3 h5 21. Kf2 Re6 22. Rxe6 Bxe6 23. Bc2 b6 24. Re1 c5 25. Be5 Be7 26. f4 g6 27. Re3 Rc8 28. Bd3 a5 29. Ba6 Ra8 30. Bb7 Rd8 31. Ba6 Bd6 32. Bxd6 Rxd6 33. Bb5 Rd8 34. Ke2 Kg7 35. Kd2 Kf6 36. Re5 Ke7 37. Bd3 Kf6 38. a3 cxd4 39. cxd4 h4 40. Be2 Ke7 41. Bd3 Rg8 42. Rg5 Rh8 43. Re5 Kd6 44. Re1 Rg8 45. Rf1 Bd7 46. Rf2 Be6 47. Ke3 Bg4 48. Kd2 Ke6 49. Rf1 Kd6 50. Re1 Bd7 51. Re2 b5 52. Re1 g5 53. fxg5 Rxg5 54. Re2 b4 55. axb4 axb4 56. Rf2 Be6 57. Ke3 Rg4 58. Rc2 Ke7 59. Rf2 Kd7 60. Rc2 Kd6 61. Rf2 Ke7 62. Rc2 Kf6 63. Rf2+ Kg5 64. Bb1 f5 65. Bd3 f4+ 66. Kd2 h3 67. gxh3 Rh4 68. Be2 Rxh3 69. Bf3 Kf6 70. Ke2 Rh8 71. Kf1 Rc8 72. h4 Rc4 73. Rd2 Bf7 74. Kg2 b3 75. Kg1 Rc2 76. Rf2 Rc4 77. Rd2 Ke6 78. h5 Kf6 79. Kf1 Be6 80. Ke1 Rc1+ 81. Rd1 Rc2 82. Rd2 Rc1+ 83. Rd1 Rc4 84. Rd3 Bf5 85. Rxb3 Rxd4 86. Rb6+ Ke5 87. h6 Rd3 88. Ke2 Be4 89. Bxe4 dxe4 90. Rb5+ Kd4 91. Rb4+ Kd5 92. Rb5+ Kc4 93. Rh5 f3+ 94. Kf2 Rd2+ 95. Kg3 Rg2+ 96. Kh3 Rg1 97. h7 f2 0-1

[Event "Pardubice Czech op-A 28th"]
[Site "Pardubice"]
[Date "2017.07.25"]
[Round "5"]
[White "Gurpreet, Singh Maras"]
[Black "Tomazini, Aljosa"]
[Result "0-1"]
[WhiteElo "2231"]
[BlackElo "2387"]
[PlyCount "112"]
[EventDate "2017.07.21"]
[EventType "swiss"]
[EventRounds "9"]
[EventCountry "CZE"]
[SourceTitle "CBM 179 Extra"]
[Source "ChessBase"]
[SourceDate "2017.08.23"]
[SourceVersion "1"]
[SourceVersionDate "2017.08.23"]
[SourceQuality "1"]

1. e4 e5 2. Nc3 d6 3. d4 Nf6 4. Nf3 Nbd7 5. Be2 Be7 6. 0-0 c6 7. a4 h6 8. h3 g5 9. Nh2 Qc7 10. a5 Nf8 11. a6 b6 12. d5 c5 13. Bb5+ Bd7 14. Bxd7+ Qxd7 15. Qe2 Ng6 16. Qb5 Qxb5 17. Nxb5 Nxe4 18. Nc7+ Kd7 19. Nxa8 Rxa8 20. Re1 f5 21. Ng4 Rh8 22. Ne3 f4 23. Ng4 Nf6 24. Nxf6+ Bxf6 25. c4 Nh4 26. Bd2 Rg8 27. f3 Nf5 28. Bc3 h5 29. Kf2 g4 30. Rg1 Ng3 31. Ke1 Bh4 32. Kd2 e4 33. fxe4 Nxe4+ 34. Kc2 Bf2 35. Rh1 g3 36. Kd3 Re8 37. Rhf1 h4 38. Bd2 Nxd2 39. Kxd2 Re4 40. b3 Re3 41. Kc2 f3 42. gxf3 Rxf3 43. Kd2 Rxb3 44. Ke2 Re3+ 45. Kd2 Re7 46. Rab1 Ke8 47. Kd3 Kf8 48. Kd2 Kg7 49. Kd3 Kh6 50. Rb2 Re3+ 51. Kd2 Kg5 52. Kd1 Rf3 53. Ke2 Kf4 54. Rxb6 axb6 55. Ra1 Re3+ 56. Kd2 Re8 0-1

[Event "IND-chB 51st"]
[Site "Bhopal"]
[Date "2013.10.21"]
[Round "12"]
[White "Gurpreet, Singh Maras"]
[Black "Abhishek, Das"]
[Result "1-0"]
[WhiteElo "2261"]
[BlackElo "2228"]
[PlyCount "73"]
[EventDate "2013.10.12"]
[EventType "swiss"]
[EventRounds "13"]
[EventCountry "IND"]
[SourceTitle "EXT 2014"]
[Source "ChessBase"]
[SourceDate "2013.11.20"]
[SourceVersion "1"]
[SourceVersionDate "2013.11.20"]
[SourceQuality "1"]

1. e4 c5 2. Nf3 Nc6 3. Bb5 Nd4 4. Nxd4 cxd4 5. 0-0 e6 6. b3 Bc5 7. Bb2 Ne7 8. c3 Nc6 9. Qh5 dxc3 10. dxc3 d6 11. Ba3 Qb6 12. Ba4 Bxa3 13. Nxa3 0-0 14. Nc4 Qc7 15. Bxc6 bxc6 16. Qa5 Qe7 17. Qa3 c5 18. Rad1 d5 19. exd5 Bb7 20. Ne3 f5 21. d6 Qh4 22. f4 g5 23. Qxc5 gxf4 24. Qc4 Be4 25. Qxe6+ Rf7 26. Nd5 f3 27. g3 Qg5 28. Nf4 Rd8 29. Kf2 Qf6 30. Rd4 Qg7 31. Rfd1 Kh8 32. Rc4 Rfd7 33. Nh5 Qg6 34. Qe5+ Kg8 35. Nf6+ Kf7 36. Nxd7 Rxd7 37. Rc7 1-0

[Event "Nagpur op"]
[Site "Nagpur"]
[Date "2012.10.20"]
[Round "8"]
[White "Mollah Abdullah, Al Rakib"]
[Black "Gurpreet, Singh Maras"]
[Result "1-0"]
[WhiteElo "2513"]
[BlackElo "2253"]
[PlyCount "65"]
[EventDate "2012.10.16"]
[EventType "swiss"]
[EventRounds "11"]
[EventCountry "IND"]
[SourceTitle "EXT 2013"]
[Source "ChessBase"]
[SourceDate "2012.11.22"]
[SourceVersion "1"]
[SourceVersionDate "2012.11.22"]
[SourceQuality "1"]

1. d4 Nf6 2. Nf3 e6 3. Bg5 c5 4. e3 h6 5. Bh4 b6 6. Nbd2 Bb7 7. c3 Be7 8. Bd3 0-0 9. Qe2 d6 10. Bxf6 Bxf6 11. 0-0-0 cxd4 12. exd4 b5 13. Kb1 Nd7 14. h4 e5 15. dxe5 Nxe5 16. Be4 Nxf3 17. Qxf3 Bxe4+ 18. Nxe4 Bxh4 19. Nxd6 Bg5 20. Rd5 Qb6 21. Qg3 f5 22. f4 Bf6 23. Nxf5 Rfd8 24. Nxh6+ Kf8 25. Qg6 gxh6 26. Qxh6+ Kf7 27. Qh7+ Kf8 28. Qh6+ Kf7 29. Qh7+ Kf8 30. Rf5 Qe6 31. Qh8+ Ke7 32. Rh7+ Kd6 33. Qxf6 1-0

[Event "New Delhi Parsvnath op 9th"]
[Site "New Delhi"]
[Date "2011.01.10"]
[Round "5"]
[White "Tokabayev, Alibek"]
[Black "Gurpreet, Singh Maras"]
[Result "0-1"]
[WhiteElo "2033"]
[BlackElo "2252"]
[PlyCount "34"]
[EventDate "2011.01.08"]
[EventType "swiss"]
[EventRounds "11"]
[EventCountry "IND"]
[SourceTitle "CBM 140 Extra"]
[Source "ChessBase"]
[SourceDate "2011.03.01"]
[SourceVersion "1"]
[SourceVersionDate "2011.03.01"]
[SourceQuality "1"]

1. d4 Nf6 2. c4 Nc6 3. Nf3 e6 4. Nc3 Bb4 5. Qc2 0-0 6. e3 d6 7. Bd3 e5 8. 0-0 Bxc3 9. bxc3 Qe7 10. Ba3 e4 11. Ne5 exd3 12. Nxc6 bxc6 13. Qxd3 Ba6 14. Rfd1 Rfe8 15. Rab1 Qe4 16. Qe2 Nd5 17. Bb4 Nb6 0-1

[Event "New Delhi Parsvnath op 9th"]
[Site "New Delhi"]
[Date "2011.01.08"]
[Round "1"]
[White "Sangma, Rahul"]
[Black "Gurpreet, Singh Maras"]
[Result "1-0"]
[WhiteElo "2386"]
[BlackElo "2252"]
[PlyCount "101"]
[EventDate "2011.01.08"]
[EventType "swiss"]
[EventRounds "11"]
[EventCountry "IND"]
[SourceTitle "CBM 140 Extra"]
[Source "ChessBase"]
[SourceDate "2011.03.01"]
[SourceVersion "1"]
[SourceVersionDate "2011.03.01"]
[SourceQuality "1"]

1. e4 e6 2. d4 d5 3. Nc3 Nf6 4. e5 Nfd7 5. f4 c5 6. Nf3 Nc6 7. Be3 cxd4 8. Nxd4 Bc5 9. Qd2 0-0 10. 0-0-0 a6 11. h4 Nxd4 12. Bxd4 b5 13. h5 Bxd4 14. Qxd4 Qb6 15. h6 g6 16. Qxb6 Nxb6 17. a3 Bd7 18. Ne2 a5 19. b3 b4 20. axb4 axb4 21. Kb2 Ra7 22. Rd4 Rb8 23. Nc1 Nc8 24. Nd3 Ne7 25. Rxb4 Rc8 26. Nc1 Nc6 27. Rb6 Kf8 28. Ba6 Rcc7 29. Ne2 Ke7 30. Ra1 f6 31. Bb5 Rxa1 32. Kxa1 fxe5 33. Bxc6 Bxc6 34. fxe5 d4 35. g3 Bd7 36. Nxd4 Rc5 37. Rb8 Rxe5 38. Rh8 Rh5 39. Rxh7+ Kd6 40. c4 e5 41. Nb5+ Ke6 42. Nc7+ Kd6 43. Nb5+ Ke6 44. Nc3 Bc6 45. b4 Bf3 46. b5 e4 47. Nd5 Rh1+ 48. Kb2 Be2 49. b6 Bxc4 50. b7 Bd3 51. Nf4+ 1-0

[Event "Mumbai Mayors Cup 3rd"]
[Site "Mumbai"]
[Date "2010.06.03"]
[Round "2"]
[White "Bocharov, Dmitry"]
[Black "Gurpreet, Singh Maras"]
[Result "1-0"]
[WhiteElo "2592"]
[BlackElo "2227"]
[PlyCount "71"]
[EventDate "2010.06.02"]
[EventType "swiss"]
[EventRounds "11"]
[EventCountry "IND"]
[SourceTitle "CBM 136 Extra"]
[Source "ChessBase"]
[SourceDate "2010.07.02"]
[SourceVersion "2"]
[SourceVersionDate "2010.07.15"]
[SourceQuality "1"]

1. d4 Nf6 2. c4 e6 3. Nc3 Bb4 4. Qc2 0-0 5. a3 Bxc3+ 6. Qxc3 b6 7. Nf3 Bb7 8. e3 d6 9. Be2 Nbd7 10. 0-0 Qe7 11. b4 e5 12. Bb2 Rfe8 13. Nd2 Nf8 14. d5 c5 15. bxc5 bxc5 16. Nb3 Ng6 17. f3 Rab8 18. Na5 Qc7 19. Qd2 Nd7 20. Bc3 Nb6 21. a4 Ba6 22. Rf2 Ne7 23. Bd3 Qd7 24. Qc2 g6 25. f4 f6 26. Rf3 Rf8 27. Rg3 Rf7 28. h4 Rg7 29. h5 gxh5 30. Bxh7+ Kf7 31. fxe5 dxe5 32. Bxe5 Rxg3 33. Bxg3 Rh8 34. Be4 h4 35. Bh2 h3 36. d6 1-0

[Event "Commonwealth-ch"]
[Site "Nagpur"]
[Date "2008.10.03"]
[Round "7"]
[White "Swapnil, S Dhopade"]
[Black "Gurpreet, Singh Maras"]
[Result "1-0"]
[WhiteElo "2389"]
[BlackElo "2187"]
[PlyCount "126"]
[EventDate "2008.09.28"]
[EventType "swiss"]
[EventRounds "11"]
[EventCountry "IND"]
[SourceTitle "CBM 126 Extra"]
[Source "ChessBase"]
[SourceDate "2008.11.05"]
[SourceVersion "1"]
[SourceVersionDate "2008.11.05"]
[SourceQuality "1"]

1. d4 d5 2. c4 e6 3. Nc3 c6 4. e3 Nf6 5. Nf3 Nbd7 6. Qc2 Bd6 7. b3 0-0 8. Bb2 Re8 9. Be2 dxc4 10. bxc4 e5 11. 0-0 exd4 12. exd4 Nf8 13. h3 Ng6 14. Rfe1 Bd7 15. Bf1 Qc7 16. c5 Bf8 17. Bc4 Nf4 18. Ng5 Be6 19. Nce4 Nxe4 20. Rxe4 g6 21. Rae1 Bg7 22. g3 Nd5 23. Nxe6 fxe6 24. Rxe6 Qf7 25. Qe2 Rxe6 26. Qxe6 Rd8 27. Qe4 Kf8 28. Qh4 Re8 29. Rxe8+ Qxe8 30. Bxd5 cxd5 31. Qf4+ Kg8 32. Bc1 h5 33. Be3 Kh7 34. h4 Qd7 35. Qb8 a6 36. Qd6 Qc6 37. Qe7 Kg8 38. Qd8+ Kf7 39. Kg2 Bf6 40. Qb8 Kg7 41. Qf4 Kg8 42. Qb8+ Kf7 43. Qf4 Kg8 44. Kh2 Qd7 45. Bd2 Qc6 46. Kg2 Qe8 47. Kg1 Qc6 48. Be3 Qd7 49. Qf3 Qe6 50. Qd1 Qd7 51. Qd3 Kf7 52. Bg5 Qe6 53. Be3 Qd7 54. Qb3 Qc6 55. Qb4 Qd7 56. Kg2 Qc6 57. Bf4 Qd7 58. Bd6 Kg8 59. Qb1 Qe8 60. Qd3 Kf7 61. Qf3 Kg8 62. Be5 Bxe5 63. dxe5 Kg7 1-0

[Event "Wch U20 41st"]
[Site "Goa"]
[Date "2002.12.17"]
[Round "10"]
[White "Pradeep, TS."]
[Black "Gurpreet, Singh Maras"]
[Result "1-0"]
[WhiteElo "2111"]
[BlackElo "2145"]
[PlyCount "75"]
[EventDate "2002.12.09"]
[EventType "swiss"]
[EventRounds "13"]
[EventCountry "IND"]
[SourceTitle "CBM 091 Extra"]
[Source "ChessBase"]
[SourceDate "2003.01.09"]
[SourceVersion "1"]
[SourceVersionDate "2003.01.09"]
[SourceQuality "1"]

1. e4 c5 2. d4 cxd4 3. c3 dxc3 4. Nxc3 d6 5. Bc4 Nf6 6. e5 Nfd7 7. Nf3 dxe5 8. Bg5 Qb6 9. 0-0 e6 10. Rc1 Be7 11. Bxe6 Qxe6 12. Nd5 Na6 13. Bxe7 f6 14. Ba3 Nb6 15. Nxb6 axb6 16. Qe2 Bd7 17. Rfd1 Nc5 18. Bxc5 bxc5 19. Rxc5 0-0 20. a3 Rac8 21. Rxc8 Rxc8 22. h3 Qf7 23. Qe3 Bc6 24. Ne1 Qe6 25. Qb6 Qe7 26. Nc2 Ba4 27. b3 Rxc2 28. bxa4 Rc7 29. Qb3+ Kf8 30. a5 Rd7 31. Rc1 Rc7 32. Rb1 Qf7 33. Qb5 Qd7 34. Qb6 Qd3 35. a6 Rc6 36. Qb4+ Kf7 37. axb7 Rc4 38. Qxc4+ 1-0

[Event "Wch U20 41st"]
[Site "Goa"]
[Date "2002.12.15"]
[Round "8"]
[White "Gurpreet, Singh Maras"]
[Black "Kamble, Vikramaditya"]
[Result "0-1"]
[WhiteElo "2145"]
[BlackElo "2317"]
[PlyCount "192"]
[EventDate "2002.12.09"]
[EventType "swiss"]
[EventRounds "13"]
[EventCountry "IND"]
[SourceTitle "CBM 091 Extra"]
[Source "ChessBase"]
[SourceDate "2003.01.09"]
[SourceVersion "1"]
[SourceVersionDate "2003.01.09"]
[SourceQuality "1"]

1. e4 e6 2. d4 d5 3. Nc3 Nf6 4. Bg5 dxe4 5. Nxe4 Be7 6. Nxf6+ Bxf6 7. Bxf6 Qxf6 8. Nf3 0-0 9. Bd3 c5 10. c3 cxd4 11. cxd4 Bd7 12. 0-0 Bc6 13. Ne5 Rd8 14. Qg4 g6 15. Rad1 Bd5 16. Bb1 Nc6 17. Rfe1 Rac8 18. Qg3 Nxe5 19. dxe5 Qe7 20. a3 Rc5 21. Qe3 b6 22. h3 Rd7 23. Rc1 Rdc7 24. b4 Rxc1 25. Rxc1 Rxc1+ 26. Qxc1 Qh4 27. Qe3 h6 28. Bd3 Kg7 29. Ba6 Qd8 30. Qf4 g5 31. Qe3 Bc6 32. Be2 Bd5 33. Bf1 Qc7 34. Be2 Qc2 35. Bf3 Qc6 36. h4 Bxf3 37. gxf3 gxh4 38. Qf4 Qc2 39. Qf6+ Kg8 40. Qxh4 Qg6+ 41. Kh2 Qf5 42. Qg4+ Qg6 43. Qf4 Kg7 44. Qd4 Qh5+ 45. Kg2 Qg5+ 46. Kh2 Qf5 47. Qe4 Qh5+ 48. Kg2 Qg5+ 49. Kh2 b5 50. Qd4 Qh5+ 51. Kg2 Qg5+ 52. Kh2 Qe7 53. Qg4+ Kh8 54. Qf4 Kh7 55. Qe4+ Kg7 56. Qg4+ Qg5 57. Qd4 a6 58. Qe4 h5 59. Qd4 Kg6 60. Qe4+ Kh6 61. Qd4 Qf5 62. Kg3 Qg5+ 63. Kh2 Qf5 64. Kg3 Kg6 65. Qe4 Kg5 66. Qh4+ Kh6 67. Qd4 Qg5+ 68. Kh2 Kh7 69. Qe4+ Kg7 70. Qd4 Qf5 71. Kg2 Qg5+ 72. Kh2 Qg6 73. Qf4 Kh7 74. Qe4 Kh6 75. Qf4+ Kg7 76. Qd4 Qf5 77. Qe4 Qg5 78. Qd4 Kh6 79. Qe4 Qg6 80. Qf4+ Kg7 81. Qd4 Qg5 82. Qe4 Qc1 83. Qh4 Qh6 84. Qe4 Qg5 85. Qd4 Qf5 86. Qe4 Kg6 87. Kg3 Kg5 88. Qh4+ Kh6 89. Qe4 Qg6+ 90. Kh2 Qxe4 91. fxe4 Kg5 92. Kg3 h4+ 93. Kf3 h3 94. Kg3 h2 95. f4+ Kh5 96. Kxh2 Kg4 0-1

[Event "Wch U20 41st"]
[Site "Goa"]
[Date "2002.12.12"]
[Round "5"]
[White "Gurpreet, Singh Maras"]
[Black "Sriram, Sarja"]
[Result "0-1"]
[WhiteElo "2145"]
[BlackElo "2100"]
[PlyCount "50"]
[EventDate "2002.12.09"]
[EventType "swiss"]
[EventRounds "13"]
[EventCountry "IND"]
[SourceTitle "CBM 091 Extra"]
[Source "ChessBase"]
[SourceDate "2003.01.09"]
[SourceVersion "1"]
[SourceVersionDate "2003.01.09"]
[SourceQuality "1"]

1. e4 c5 2. Nf3 d6 3. d4 cxd4 4. Nxd4 Nf6 5. Nc3 a6 6. Bg5 e6 7. Qd2 Nc6 8. 0-0-0 Nxd4 9. Qxd4 Be7 10. f4 b5 11. Bd3 Bb7 12. Rhe1 h6 13. Bh4 Qc7 14. Kb1 0-0-0 15. Qa7 d5 16. Bf2 Nxe4 17. Bxe4 dxe4 18. Rxd8+ Rxd8 19. Bb6 Qc6 20. Kc1 f5 21. Bd4 b4 22. Ne2 Rd5 23. Be5 Rxe5 24. fxe5 Bc5 25. Nd4 Qd5 0-1